Central Library and Information Centre
Sibsagar Girls' College, Sivasagar : Assam

TULANAMULAK RAJNITI (Comparative Politics) DU-4th Semester--Major (Record no. 20076)

MARC details
000 -LEADER
fixed length control field 00601cam a2200229ua 4500
008 - FIXED-LENGTH DATA ELEMENTS--GENERAL INFORMATION
fixed length control field 181121n2014 II |||gr||||Z||||||asm
040 ## - CATALOGING SOURCE
Original cataloging agency MAIN
041 ## - LANGUAGE CODE
-- English
041 ## - LANGUAGE CODE
-- asm
082 ## - DEWEY DECIMAL CLASSIFICATION NUMBER
Classification number 320.3 SAI
100 ## - MAIN ENTRY--PERSONAL NAME
Personal name SAIKIA, DR. DIPEN.
245 ## - TITLE STATEMENT
Title TULANAMULAK RAJNITI (Comparative Politics) DU-4th Semester--Major
250 ## - EDITION STATEMENT
Edition statement 1ST.
260 ## - PUBLICATION, DISTRIBUTION, ETC.
Place of publication, distribution, etc. DHEMAJI
Name of publisher, distributor, etc. KIRAN PRAKASHAN
Date of publication, distribution, etc. 2014
300 ## - PHYSICAL DESCRIPTION
Extent 190:
Dimensions 20CM.
700 ## - ADDED ENTRY--PERSONAL NAME
Personal name GOGOI, DR. PAWAN.
700 ## - ADDED ENTRY--PERSONAL NAME
Personal name PHUKAN, RUPANTAR CHARINGIA.
700 ## - ADDED ENTRY--PERSONAL NAME
Personal name KATANI, PADMESHWAR.
942 ## - ADDED ENTRY ELEMENTS (KOHA)
Koha item type Books
653 ## - INDEX TERM--UNCONTROLLED
Uncontrolled term Comparative Government
Holdings
Withdrawn status Lost status Damaged status Not for loan Collection code Home library Current library Shelving location Date acquired Full call number Barcode Date last seen Copy number Price effective from Koha item type Total Checkouts Date last checked out Public note
        TBPSC Central Library and Information Centre Sibsagar Girls College Central Library and Information Centre Sibsagar Girls College Political Science Rack 26.02.2014 320.3 SAI 30709 27.02.2020 1 27.02.2020 Books      
        TBPSC Central Library and Information Centre Sibsagar Girls College Central Library and Information Centre Sibsagar Girls College Political Science Rack 26.02.2014 320.3 SAI 30710 27.02.2020 2 27.02.2020 Books      
        TBPSC Central Library and Information Centre Sibsagar Girls College Central Library and Information Centre Sibsagar Girls College POLITICAL SC BOOK RACK 26.02.2014 320.3 SAI 30711 10.03.2025 3 27.02.2020 Books 1 24.02.2025 V


Sibsagar Girl's College © 2020. All rights reserved.
Powered by Koha.
Maintained by Abhijit Borpuzari.